000 00846cam a22001935a 4500
001 L137887
008 070503s2003 xxkaho f 011 0deng d
035 _a(Sirsi) u137887
041 0 _aeng
050 0 4 _aF920 $2 18
111 2 _aHooke 2003
245 0 0 _aHooke 2003
_bpapers presented at a conference to mark the tercentenary of the death of Robert Hooke (1635-1703)
260 _aLondon
_bThe Royal Society
_c2003
300 _aiii, 263p.
_bill.
_c30cm.
520 _aPapers discuss Hooke's legacy in a number of fields. These include physics, astronomy, mechanics and engineering, evolutionary theory and architecture. Other perspectives presented include biographical information, his influence on Westminster, and a description of his library.
600 1 4 _aHooke, Robert
_c1635-1703
651 4 _aEngland and Wales
_y1543-
942 _n0
999 _c106916
_d106916